000 00525nam a2200217Ia 4500
003 OSt
005 20221007082303.0
006 a|||||r|||| 00| 0
007 ta
008 221006b |||||||| |||| 00| 0 eng d
024 _a25,346
037 _cTextual
040 _aFLL
_cFLL
_beng
041 _2eng
_aeng
082 _aZ2:9298, K3
245 0 _aLaw of writs in India, England and America
260 _c1963
300 _a1-503p
_ccm.
942 _hZ2:9298, K3
_cTEXL
_2CC
999 _c1165929
_d1165929